000 00593nam a22001937a 4500
003 0
005 20250115142342.0
008 250115b xxu||||| |||| 00| 0 eng d
020 _a978-621-435-034-6
050 _aQH 309.2
_b.R66 2021
100 _aRomabiles, Lorenzo
245 _aEarth and life science
_cLorenzo Romabiles
260 _aBulacan
_bKLEAFS Publishing
_c2021
300 _aviii, 269 pages :
_billustrations and pictures ;
_c26cm.
504 _aIncludes bibliographical references and glossary.
650 _aEarth science.
650 _aLife science.
942 _2lcc
_cBK
999 _c366980
_d366980